[Event "Lima-ch U12"]
[Site "Lima"]
[Date "2017.01.12"]
[Round "1.1"]
[White "Flores Quillas, Diego Saul Rodrigo"]
[Black "Priale, Nicolasantonio"]
[Result "1-0"]
[WhiteElo "1931"]
[BlackElo "1234"]
[PlyCount "93"]
[EventDate "2017.01.12"]
[EventType "swiss"]
[EventRounds "7"]
[EventCountry "PER"]
[SourceTitle "EXT 2024"]
[Source "ChessBase"]
[SourceDate "2023.10.10"]
[SourceVersion "1"]
[SourceVersionDate "2023.10.10"]
[SourceQuality "1"]

1. e4 e5 2. Nf3 Nc6 3. d4 exd4 4. Nxd4 Bc5 5. Be3 Qe7 6. Nxc6 dxc6 7. Bxc5 Qxc5 8. Bd3 Nf6 9. 0-0 0-0 10. Nc3 Be6 11. h3 Rad8 12. Qf3 Rfe8 13. Qg3 Qd6 14. e5 Nh5 15. exd6 Nxg3 16. fxg3 Rxd6 17. Rad1 g6 18. a3 Red8 19. Be2 Rxd1 20. Rxd1 Rxd1+ 21. Nxd1 Bf5 22. Ne3 Be4 23. Bf3 Bxf3 24. gxf3 Kg7 25. Kf2 Kf6 26. Nc4 b5 27. Nd2 Ke5 28. Ke3 Kd5 29. Ne4 Ke5 30. f4+ Kf5 31. g4+ Ke6 32. Ng5+ Kd5 33. Nxh7 a5 34. h4 Kc4 35. h5 b4 36. Nf6 bxa3 37. bxa3 Kc3 38. h6 Kxc2 39. h7 Kb3 40. h8Q c5 41. Ne4 c4 42. Qc3+ Ka4 43. Qxc4+ Kxa3 44. Nc5 Kb2 45. Kd2 a4 46. Qc3+ Kb1 47. Nxa4 1-0